| 000 | 02942nam a22002657a 4500 | ||
|---|---|---|---|
| 003 | DO-SdBNP | ||
| 005 | 20220225082840.0 | ||
| 008 | 210226b2014 dr 00| 0 spa d | ||
| 020 | _a9789945462746 | ||
| 040 |
_aBPMSU _bspa _cBPMSU |
||
| 082 |
_a972.93053 _bP426e 2014 _222 |
||
| 100 | 1 |
_aPeralta Michel , José _d1931- |
|
| 245 | 1 | 0 |
_aEn la Vega : _bresistencia antitrujillista y más allá / _cJosé Peralta Michel |
| 250 |
_a2a ed. _b |
||
| 260 |
_aSanto Domingo : _bComisión Permanente de Efemérides Patria, _c2014 |
||
| 300 |
_a242 p.: _bil.; _c22 cm. |
||
| 500 | _aincluyes datos biográficos del autor en la contracubierta | ||
| 505 | 0 | _aprólogo. El antitrujillismo en la Vega / Pedro Antonio Valdez -- Mis primeros conocimientos de Trujillo -- Una agresión injustificable -- Un testimonio: historia de la causa -- La Juventud Democrática en La Vega -- El Partido Socialista Popular (PSP) -- Comunicación histórica --Cambio de vida y actitud frente al régimen -- Juan Rodriguez García: asedio y exilio -- José Espaillat Rodríguez. Persecución y exilio -- Resistencia y actividades conspirativas. Apresamientos, represión y muertes -- Veganos marcados por la tiranía -- Final de un decenio de actividades revolucionarias y represivas -- El proyecto revolucionario de los hermanos Batista Clisante -- Ney Pimentel: resistencia y muerte brutal -- Comienzo de la resistencia y la conspiración interna en el 1959 -- En La Vega: resistencia y conspiración -- Mártires veganos en Constanza, Maimón y Estero Hondo -- Reactivación de la conspiración -- Nuevo proyecto conspirativo ampliado -- Las acciones revolucionarias de 10 y 11 de octubre -- Descubrimiento de las acciones y prisión -- Las torturas de "La 40" -- Encierro en solitarias en la cárcel de "La Victoria" -- Mi permanencia en solitaria -- Dramático comportamiento de mi hermana Ninón -- Cambio sorpresivo y encuentro familiar -- De solitarias a "el pasillo" -- De nuevo a "La 40" Resistencia de veganos y represión -- La "magnanimidad" de Trujillo en su carta de indulto -- Regreso al hogar -- La Iglesia y Trujillo 164 La madrugada del 31 de mayo y prisión -- Firmantes de UCN y renuncia al Partido Dominicano -- El 14 de Junio en La Vega -- Ataque y destrucción del local del 14 de Junio -- Asalto a las residencias del Dr. Gómez Yangüela y de Francisco Gómez Estrella -- La noche del 19 noviembre -- Veganos en la insurrección constitucionalista de 1963 188 La muerte de Alfredo Antonio y otros hechos de Las Manaclas -- Vigilancia y persecución -- La Vega y revolución constitucionalista -- La muerte de Carlos José Sebastián Gómez -- La muerte de Stalin García Muñoz. | |
| 590 | _6Inventariado, 2021/VM | ||
| 650 | 4 | _a | |
| 651 | 4 |
_aLa Vega (República Dominicana) _xHistoria local. |
|
| 651 | 4 |
_aRepública Dominicana _xHistoria _yEra de Trujillo -- 1930-1961 |
|
| 910 | _aMCabrera /VMateo | ||
| 942 |
_2ddc _cBK |
||
| 999 |
_c13381 _d13381 |
||